000 00419nam a2200181Ia 4500
001 1533
005 20260306143735.0
008 260306t1989||||xx |||||||||||||| ||spa||
041 _aESP
082 _a150.9
_bA72
100 _aArdila, Rubén
_eAUT
245 0 _aLos pioneros de la psicología
260 _c1989
300 _a194 páginas :
_c20 cm.
650 _aGEN
654 _aCPS
942 _cLIB
_dJUS
_fJUS
_2ddc
_n
999 _c1533
_d1533